Transformačné vodcovstvo a jeho vplyv na organizačné výstupy
Problematika transformačného vodcovstva a jeho vplyvu na organizačné výstupy. Východiská a význam teórie transformačného vodcovstva. Efekt transformačného vodcovstva v organizácii. Možnosti aplikácie teórie v praxi a vplyvu na široké spektrum organizačných výstupov.
Gespeichert in:
| 1. Verfasser: | |
|---|---|
| Weitere Verfasser: | |
| Format: | Buchkapitel |
| Sprache: | Englisch |
| Schlagworte: | |
| Tags: |
Keine Tags, Fügen Sie das erste Tag hinzu!
|
MARC
| LEADER | 00000naa a2200000 4500 | ||
|---|---|---|---|
| 001 | 0272620 | ||
| 005 | 20240502074310.4 | ||
| 041 | 0 | |a eng | |
| 044 | |a SK | ||
| 245 | 1 | 0 | |a Transformačné vodcovstvo a jeho vplyv na organizačné výstupy |c Juliana Bérešová, Milan Cibuľa |
| 520 | |a Problematika transformačného vodcovstva a jeho vplyvu na organizačné výstupy. Východiská a význam teórie transformačného vodcovstva. Efekt transformačného vodcovstva v organizácii. Možnosti aplikácie teórie v praxi a vplyvu na široké spektrum organizačných výstupov. | ||
| 610 | 2 | 0 | |a vedenie ľudí |
| 610 | 2 | 0 | |a organizácie |
| 610 | 2 | 0 | |a vodcovstvo |
| 100 | 1 | |a Bérešová, Juliana, 1996- | |
| 700 | 1 | |a Cibuľa, Milan, 1995- | |